Normal view
MARC view
- فلسطين-الإستبداد التركي-تاريخ-رواية
Entry Topical Term
001 - CONTROL NUMBER
- control field: 48735
003 - CONTROL NUMBER IDENTIFIER
- control field: JO-AjAnu
005 - DATE AND TIME OF LATEST TRANSACTION
- control field: 20230606082033.0
008 - FIXED-LENGTH DATA ELEMENTS
- fixed length control field: 230606|| aca||aabn | a|a d
040 ## - CATALOGING SOURCE
- Original cataloging agency: JO-AjAnu
- Transcribing agency: JO-AjAnu
150 ## - HEADING--TOPICAL TERM
- Topical term or geographic name entry element: فلسطين-الإستبداد التركي-تاريخ-رواية
670 ## - SOURCE DATA FOUND
- Source citation: Work cat.: (JO-AjAnu)24930: تأليف أبو الشعر،عقيل ؛ ترجمة وملاحظات كاظم، عدنان عبد الحميد , author 48734, إرادة الله:رواية تاريخية عادات شرقية معاصرة وفظائع الإستبداد التركي في فلسطين